[Event "WchT Seniors 65"]
[Site "Struga"]
[Date "2023.09.27"]
[Round "8.1"]
[White "Saariaho, Taneli"]
[Black "Lagerborg, Krister"]
[Result "1/2-1/2"]
[WhiteElo "1958"]
[BlackElo "2111"]
[PlyCount "136"]
[EventDate "2023.09.19"]
[EventType "team-swiss"]
[EventRounds "9"]
[EventCountry "MKD"]
[SourceTitle "EXT 2024"]
[Source "ChessBase"]
[SourceDate "2023.10.10"]
[SourceVersion "1"]
[SourceVersionDate "2023.10.10"]
[SourceQuality "1"]
[WhiteTeam "Finland Turku 65"]
[BlackTeam "Sweden Skane 65"]
[WhiteTeamCountry "FIN"]
[BlackTeamCountry "SWE"]

1. e4 c5 2. Nf3 d6 3. Bb5+ Nd7 4. c3 a6 5. Ba4 b5 6. Bc2 g6 7. d4 Bg7 8. 0-0 e6 9. a4 Rb8 10. axb5 axb5 11. Bf4 e5 12. dxe5 dxe5 13. Be3 Qc7 14. b3 Ngf6 15. h3 0-0 16. Qe2 Nh5 17. Rc1 Nf4 18. Qf1 Bb7 19. Nbd2 Bc6 20. Ra2 Ra8 21. Rca1 Qb7 22. Rxa8 Rxa8 23. Rxa8+ Qxa8 24. g3 Ne6 25. Qd3 h6 26. g4 Kh7 27. Kh2 Bf8 28. Kg3 Be7 29. Nh4 Nf4 30. Qf1 Nf8 31. Nhf3 N8e6 32. Bxf4 exf4+ 33. Kh2 Bf6 34. Qd3 Qa5 35. Nb1 Qd8 36. Qxd8 Nxd8 37. Nfd2 Ne6 38. f3 Kg7 39. Bd3 h5 40. Kg2 Kh6 41. Nf1 b4 42. cxb4 cxb4 43. Bc4 Kg7 44. Bxe6 fxe6 45. Nfd2 Bc3 46. Nc4 Bb5 47. Nbd2 Kf6 48. e5+ Ke7 49. Kf2 Kd7 50. gxh5 gxh5 51. Ne4 Bxc4 52. bxc4 Kc6 53. Ke2 Bxe5 54. Nd2 Bc3 55. Nb3 Kd6 56. Kd3 Ke5 57. Nc1 Kf5 58. Na2 Be1 59. Nc1 Bf2 60. Ne2 e5 61. Nc1 Bb6 62. Nb3 Bc7 63. Nc5 Bd8 64. Ne4 Ke6 65. Kc2 Bh4 66. Kb3 Be1 67. Ka4 Bc3 68. Kb3 Be1 1/2-1/2

[Event "WchT Seniors 65"]
[Site "Struga"]
[Date "2023.09.20"]
[Round "2.1"]
[White "Lagerborg, Krister"]
[Black "Quinn, John M"]
[Result "1/2-1/2"]
[WhiteElo "2111"]
[BlackElo "2077"]
[PlyCount "102"]
[EventDate "2023.09.19"]
[EventType "team-swiss"]
[EventRounds "9"]
[EventCountry "MKD"]
[SourceTitle "EXT 2024"]
[Source "ChessBase"]
[SourceDate "2023.10.10"]
[SourceVersion "1"]
[SourceVersionDate "2023.10.10"]
[SourceQuality "1"]
[WhiteTeam "Sweden Skane 65"]
[BlackTeam "England 65 II"]
[WhiteTeamCountry "SWE"]
[BlackTeamCountry "ENG"]

1. d4 Nf6 2. c4 g6 3. Nc3 Bg7 4. e4 d6 5. f3 0-0 6. Be3 c5 7. dxc5 dxc5 8. Qxd8 Rxd8 9. Bxc5 Nc6 10. Rd1 Rxd1+ 11. Kxd1 Be6 12. Nd5 Nd7 13. Ba3 a5 14. Ne2 Nde5 15. Nec3 Bxd5 16. cxd5 Nb4 17. Kc1 Rc8 18. Kb1 f5 19. Bb5 fxe4 20. Nxe4 Bh6 21. Bxb4 axb4 22. h4 Rc7 23. Re1 Nf7 24. a3 bxa3 25. bxa3 Nd6 26. Bd3 Nxe4 27. Bxe4 Bf4 28. Bc2 Bd6 29. a4 Kg7 30. Re4 Rc5 31. Bb3 Ra5 32. Kc2 b5 33. axb5 Rxb5 34. Bc4 Ra5 35. Kd3 Ra3+ 36. Kd4 Ra1 37. Rg4 Kf6 38. Re4 Rd1+ 39. Bd3 Rc1 40. Re2 Bc5+ 41. Ke4 Bb4 42. f4 Re1 43. Kf3 Rxe2 44. Bxe2 h5 45. Ba6 e6 46. dxe6 Kxe6 47. Bc8+ Kf6 48. g4 hxg4+ 49. Kxg4 Bd6 50. f5 gxf5+ 51. Bxf5 Kg7 1/2-1/2

[Event "SWE-chT 2223 Elite"]
[Site "Sweden"]
[Date "2023.03.11"]
[Round "8.1"]
[White "Lagerborg, Krister"]
[Black "Schneider, Stefan"]
[Result "0-1"]
[WhiteElo "2103"]
[BlackElo "2372"]
[PlyCount "84"]
[EventDate "2022.10.14"]
[EventType "team-tourn"]
[EventRounds "9"]
[EventCountry "SWE"]
[SourceTitle "CBM 213 Extra"]
[Source "ChessBase"]
[SourceDate "2023.05.31"]
[SourceVersion "1"]
[SourceVersionDate "2023.05.31"]
[SourceQuality "1"]
[WhiteTeam "Farsta"]
[BlackTeam "Limhamn"]
[WhiteTeamCountry "SWE"]
[BlackTeamCountry "SWE"]

1. e4 c6 2. d3 d5 3. Nd2 e5 4. g3 Nf6 5. Bg2 Bd6 6. Ngf3 0-0 7. 0-0 Re8 8. c3 a5 9. a4 Na6 10. Re1 Bg4 11. Qc2 h6 12. Nf1 Nc5 13. h3 Be6 14. N3d2 dxe4 15. dxe4 Bc7 16. Ne3 Qd7 17. Kh2 Nd3 18. Re2 Nf4 19. gxf4 exf4 20. Nf3 fxe3+ 21. e5 Bf5 22. Qb3 exf2 23. Rxf2 Ne4 24. Rf1 Nc5 25. Qc4 Nd3 26. Kh1 Bxh3 27. Be3 Qg4 28. Qxg4 Bxg4 29. b4 axb4 30. cxb4 Nxb4 31. Rab1 Nd5 32. Bc5 b6 33. Bd6 Bxd6 34. exd6 Rxa4 35. Rfc1 Bd7 36. Nd2 Rd4 37. Nc4 b5 38. Na5 Nf4 39. Bxc6 Rxd6 40. Rxb5 Bxc6+ 41. Nxc6 Ne2 42. Rcc5 Rxc6 0-1

[Event "Riga Tech Rapid op"]
[Site "Riga"]
[Date "2022.08.14"]
[Round "4"]
[White "Lagerborg, Krister"]
[Black "Nesse, David"]
[Result "1/2-1/2"]
[WhiteElo "2145"]
[BlackElo "1762"]
[PlyCount "90"]
[EventDate "2022.08.14"]
[EventType "swiss (rapid)"]
[EventRounds "9"]
[EventCountry "LAT"]
[SourceTitle "CBM 209 Extra"]
[Source "ChessBase"]
[SourceDate "2022.09.30"]
[SourceVersion "1"]
[SourceVersionDate "2022.09.30"]
[SourceQuality "1"]

1. e4 c5 2. Nf3 Nc6 3. d4 cxd4 4. Nxd4 g6 5. c4 Nf6 6. Nc3 Nxd4 7. Qxd4 d6 8. f3 Bg7 9. Be3 0-0 10. Qd2 a5 11. Rc1 a4 12. Be2 Qa5 13. 0-0 Be6 14. Rfd1 Rfc8 15. b3 axb3 16. axb3 Qb4 17. Nd5 Qxd2 18. Bxd2 Nxd5 19. cxd5 Bd7 20. Be3 Rxc1 21. Rxc1 Ra2 22. Kf1 Ra1 23. Rxa1 Bxa1 24. Bb6 Be5 25. h3 f5 26. Kf2 Kf7 27. Ke3 f4+ 28. Kd2 e6 29. Bc4 exd5 30. Bxd5+ Be6 31. Kd3 Bxd5 32. exd5 Kf6 33. Ke4 g5 34. b4 Bc3 35. b5 Be5 36. Bd8+ Kg6 37. h4 Bf6 38. h5+ Kf7 39. Bc7 Be7 40. Kf5 h6 41. b6 Bf8 42. Bd8 Bg7 43. Bc7 Bf8 44. Bb8 Be7 45. Bc7 Bf8 1/2-1/2

[Event "WchT Seniors 65"]
[Site "Prague"]
[Date "2020.03.07"]
[Round "2.23"]
[White "Koper, Stefan"]
[Black "Lagerborg, Krister"]
[Result "0-1"]
[WhiteElo "1820"]
[BlackElo "2144"]
[PlyCount "144"]
[EventDate "2020.03.06"]
[EventType "team-swiss"]
[EventRounds "7"]
[EventCountry "CZE"]
[SourceTitle "CBM 195 Extra"]
[Source "ChessBase"]
[SourceDate "2020.05.31"]
[SourceVersion "1"]
[SourceVersionDate "2020.05.31"]
[SourceQuality "1"]
[WhiteTeam "Czech Republic 65 XII"]
[BlackTeam "Sweden 65 V"]
[WhiteTeamCountry "CZE"]
[BlackTeamCountry "SWE"]

1. d4 Nf6 2. c4 g6 3. Nc3 Bg7 4. e4 d6 5. Nge2 0-0 6. Ng3 h5 7. Be2 e5 8. d5 c5 9. Bg5 Qb6 10. Rb1 Nbd7 11. 0-0 Nh7 12. Bd2 h4 13. Nh1 f5 14. Qc1 f4 15. Bg4 Ndf6 16. Bxc8 Raxc8 17. f3 Nh5 18. Nf2 Qd8 19. Ne2 Ng5 20. Nh3 Nxh3+ 21. gxh3 Qd7 22. Kg2 Kf7 23. Ng1 Rh8 24. Rf2 Nf6 25. Be1 Rh5 26. Kh1 Rch8 27. Rg2 Bh6 28. b4 Nxe4 29. Qc2 Ng3+ 30. hxg3 hxg3 31. bxc5 Bf8 32. Bxg3 fxg3 33. Rxg3 R5h6 34. c6 bxc6 35. dxc6 Qxc6 36. Qe4 Qxe4 37. fxe4 Rh4 38. Rb7+ Kf6 39. Rf3+ Ke6 40. Re3 Bh6 41. Re2 Rc8 42. Rb4 a5 43. Ra4 Rc5 44. Kg2 Bf4 45. Nf3 Rh8 46. h4 Rb8 47. Kh3 Rb1 48. Rc2 Rd1 49. Ra3 Kf6 50. Rb3 a4 51. Rb6 Rd3 52. Kg2 Ke6 53. Rb4 Re3 54. Rxa4 Rxe4 55. Rb4 Kf5 56. Rb6 d5 57. Rb5 Rcxc4 58. Rxc4 dxc4 59. a4 Re2+ 60. Kf1 Ra2 61. a5 Ke4 62. Ng5+ Kd3 63. Rd5+ Ke3 64. Rc5 Ra4 65. a6 e4 66. Rc6 Kd3 67. Ne6 Ra1+ 68. Kg2 Be3 69. Nc7 c3 70. Nd5 Bd4 71. Nb4+ Ke2 72. Rc7 Rg1+ 0-1

[Event "Riga RTU rapid op"]
[Site "Riga"]
[Date "2019.07.04"]
[Round "2"]
[White "Lagerborg, Krister"]
[Black "Kopylov, Michael"]
[Result "0-1"]
[WhiteElo "2032"]
[BlackElo "2414"]
[PlyCount "90"]
[EventDate "2019.07.04"]
[EventType "swiss (rapid)"]
[EventRounds "9"]
[EventCountry "LAT"]
[SourceTitle "EXT 2020"]
[Source "ChessBase"]
[SourceDate "2019.10.17"]
[SourceVersion "1"]
[SourceVersionDate "2019.10.17"]
[SourceQuality "1"]

1. e4 d5 2. exd5 Qxd5 3. Nf3 Bg4 4. Be2 Nc6 5. d4 0-0-0 6. Be3 e5 7. c4 Qa5+ 8. Bd2 Bb4 9. d5 Bxf3 10. Bxf3 Nd4 11. Nc3 Qa6 12. Be2 Nf6 13. a3 Rhe8 14. axb4 Qxa1 15. Qxa1 Nc2+ 16. Kf1 Nxa1 17. Bd1 c6 18. Bg5 b5 19. Bxf6 gxf6 20. dxc6 bxc4 21. Bg4+ Kc7 22. Bd7 Rxd7 23. cxd7 Kxd7 24. Ke2 Nc2 25. Rd1+ Nd4+ 26. Ke3 Rb8 27. Ne2 Rxb4 28. Nxd4 exd4+ 29. Rxd4+ Kc6 30. Rf4 Kd5 31. Rxf6 Rb3+ 32. Kd2 Rxb2+ 33. Kc1 Rb7 34. Kc2 Ke5 35. Rc6 Kd4 36. Rd6+ Kc5 37. Rf6 Kb4 38. g4 Re7 39. Rf3 a5 40. g5 a4 41. Rf6 Re2+ 42. Kd1 Rb2 43. Rxf7 a3 44. Rb7+ Kc3 45. Ra7 a2 0-1

[Event "WchT Seniors 50"]
[Site "Rhodes"]
[Date "2019.04.18"]
[Round "3.9"]
[White "Mahia, Gustavo"]
[Black "Lagerborg, Krister"]
[Result "1-0"]
[WhiteElo "2367"]
[BlackElo "2102"]
[PlyCount "73"]
[EventDate "2019.04.16"]
[EventType "team-swiss"]
[EventRounds "9"]
[EventCountry "GRE"]
[SourceTitle "CBM 190 Extra"]
[Source "ChessBase"]
[SourceDate "2019.07.15"]
[SourceVersion "1"]
[SourceVersionDate "2019.07.15"]
[SourceQuality "1"]
[WhiteTeam "Argentina"]
[BlackTeam "Sweden"]
[WhiteTeamCountry "ARG"]
[BlackTeamCountry "SWE"]

1. d4 Nf6 2. Bg5 c6 3. Nd2 d6 4. e4 Nbd7 5. Ngf3 h6 6. Bh4 g5 7. Bg3 Nh5 8. Bc4 Bg7 9. c3 b5 10. Be2 Nxg3 11. hxg3 Nf6 12. a4 Qb6 13. e5 dxe5 14. Nxe5 Be6 15. Bf3 Nd5 16. Qe2 Rd8 17. Ng6 Rg8 18. Ne5 bxa4 19. Ndc4 Qb5 20. 0-0 Bf6 21. Qc2 c5 22. Rxa4 Bxe5 23. Nxe5 cxd4 24. c4 d3 25. Nxd3 Rc8 26. Ne5 Qb8 27. Re1 Nb6 28. Ra6 g4 29. Qh7 Rf8 30. Bxg4 Bxg4 31. Nxg4 Rc6 32. Qf5 Qc8 33. Qb5 Kd8 34. Rxa7 f5 35. Ne5 Re6 36. Rd1+ Rd6 37. Qxb6+ 1-0

[Event "WchT Seniors 50"]
[Site "Rhodes"]
[Date "2019.04.17"]
[Round "2.7"]
[White "Lagerborg, Krister"]
[Black "Olesen, Christer"]
[Result "1-0"]
[WhiteElo "2102"]
[BlackElo "1865"]
[PlyCount "121"]
[EventDate "2019.04.16"]
[EventType "team-swiss"]
[EventRounds "9"]
[EventCountry "GRE"]
[SourceTitle "CBM 190 Extra"]
[Source "ChessBase"]
[SourceDate "2019.07.15"]
[SourceVersion "1"]
[SourceVersionDate "2019.07.15"]
[SourceQuality "1"]
[WhiteTeam "Sweden"]
[BlackTeam "Sweden II"]
[WhiteTeamCountry "SWE"]
[BlackTeamCountry "SWE"]

1. e4 c6 2. d4 d5 3. e5 c5 4. dxc5 e6 5. Be3 Nh6 6. c3 Nf5 7. Bd4 Nxd4 8. cxd4 b6 9. Bb5+ Bd7 10. Bxd7+ Qxd7 11. cxb6 Bb4+ 12. Nd2 axb6 13. a3 Be7 14. Ne2 Nc6 15. 0-0 0-0 16. Rc1 f6 17. f4 fxe5 18. fxe5 Rxf1+ 19. Nxf1 Bg5 20. Rc3 Rf8 21. Nd2 Ne7 22. Nf3 Bh6 23. Qb3 Rb8 24. Ng3 Qe8 25. Qc2 Rc8 26. Rxc8 Qxc8 27. Qxc8+ Nxc8 28. Ne2 Na7 29. Kf2 Kf7 30. Ke1 Ke7 31. Kd1 Kd7 32. Kc2 Kc6 33. g4 g6 34. g5 Bf8 35. Nf4 Kd7 36. h4 Ke7 37. Nh2 Kf7 38. Ng4 Nc6 39. Kc3 Ne7 40. Nf6 Nf5 41. Nxh7 Be7 42. Ng2 b5 43. Nf6 Bd8 44. Nd7 Ke7 45. Nc5 Ba5+ 46. b4 Bb6 47. Nf4 Nxh4 48. Ncxe6 Ba7 49. Nc5 Nf3 50. Nxd5+ Kf7 51. e6+ Ke8 52. Nc7+ Ke7 53. d5 Nxg5 54. Nxb5 Bb8 55. a4 Nf3 56. a5 g5 57. a6 g4 58. a7 Bxa7 59. Nxa7 g3 60. Nc6+ Kf6 61. Ne4+ 1-0

[Event "WchT Seniors 50"]
[Site "Rhodes"]
[Date "2019.04.16"]
[Round "1.6"]
[White "Godena, Michele"]
[Black "Lagerborg, Krister"]
[Result "1-0"]
[WhiteElo "2459"]
[BlackElo "2102"]
[PlyCount "81"]
[EventDate "2019.04.16"]
[EventType "team-swiss"]
[EventRounds "9"]
[EventCountry "GRE"]
[SourceTitle "CBM 190 Extra"]
[Source "ChessBase"]
[SourceDate "2019.07.15"]
[SourceVersion "1"]
[SourceVersionDate "2019.07.15"]
[SourceQuality "1"]
[WhiteTeam "Italy"]
[BlackTeam "Sweden"]
[WhiteTeamCountry "ITA"]
[BlackTeamCountry "SWE"]

1. e4 c5 2. c3 d6 3. d4 Nd7 4. Nf3 g6 5. Bc4 e6 6. Bf4 a6 7. a4 Qc7 8. Na3 Ngf6 9. 0-0 Nh5 10. Be3 Bg7 11. Re1 0-0 12. Qd3 Nb6 13. Bb3 Bd7 14. a5 Nc8 15. dxc5 dxc5 16. Bxc5 Qxc5 17. Qxd7 Qxa5 18. Qxb7 Ra7 19. Qb8 Qc5 20. e5 Ne7 21. Qd6 Qc8 22. Nb5 Ra8 23. Nbd4 Nf5 24. Nxf5 gxf5 25. Qd4 Qd8 26. Qe3 f4 27. Qe4 Qe7 28. Bc2 f5 29. exf6 Bxf6 30. Ra5 e5 31. Qf5 Qf7 32. Ng5 Bxg5 33. Qxg5+ Ng7 34. Raxe5 Rae8 35. Bb3 Qxb3 36. Rxe8 Qf7 37. Rxf8+ Qxf8 38. h4 Kh8 39. h5 f3 40. h6 Nf5 41. Qxf5 1-0

[Event "SWE-chT 1819 Elite"]
[Site "Sweden"]
[Date "2019.01.12"]
[Round "4.1"]
[White "Moreau, Teodor"]
[Black "Lagerborg, Krister"]
[Result "1-0"]
[WhiteElo "2322"]
[BlackElo "2052"]
[PlyCount "91"]
[EventDate "2018.11.09"]
[EventType "team-tourn"]
[EventRounds "9"]
[EventCountry "SWE"]
[SourceTitle "CBM 189 Extra"]
[Source "ChessBase"]
[SourceDate "2019.06.03"]
[SourceVersion "1"]
[SourceVersionDate "2019.06.03"]
[SourceQuality "1"]
[WhiteTeam "Wasa"]
[BlackTeam "Farsta"]
[WhiteTeamCountry "SWE"]
[BlackTeamCountry "SWE"]

1. d4 Nf6 2. Nf3 g6 3. c4 Bg7 4. Nc3 0-0 5. e4 d6 6. Be2 e5 7. 0-0 Nc6 8. d5 Ne7 9. b4 Ne8 10. c5 h6 11. Nd2 f5 12. Ba3 Rf7 13. Rc1 Bf8 14. exf5 gxf5 15. f4 Ng6 16. Bh5 Rg7 17. Bxg6 Rxg6 18. Nc4 Bg7 19. Ne2 h5 20. Bb2 Qe7 21. Qd2 Bh6 22. Qc3 Nf6 23. fxe5 Ne4 24. Qf3 Bxc1 25. Rxc1 dxc5 26. Nf4 Rg5 27. Nxh5 cxb4 28. d6 cxd6 29. Nxd6 Be6 30. Nxe4 fxe4 31. Nf6+ Kg7 32. Qxe4 Rh8 33. Qe3 Rg6 34. Qxa7 Rd8 35. Qe3 Bd5 36. g4 Rh8 37. h3 Bc6 38. e6 Qd8 39. e7 Qa5 40. e8Q Rxe8 41. Nxe8+ Kg8 42. Nf6+ Kg7 43. Qe7+ Kh6 44. Qh7+ Kg5 45. Qh5+ Kf4 46. Qxa5 1-0